Every Minecraft Block - Building Blocks - Statistics

General Stats
  • This quiz has been taken 72 times
  • The average score is 109 of 303
Answer Stats
Block % Correct
Stone
84%
Cobblestone
78%
Dirt
72%
Oak Planks
68%
Birch Log
64%
Netherrack
64%
Oak Wood
64%
Sand
64%
Acacia Planks
62%
Bricks
62%
Dark Oak Planks
62%
Acacia Log
60%
Andesite
60%
Birch Planks
60%
Birch Wood
60%
Oak Log
60%
Sandstone
60%
Spruce Planks
60%
Acacia Stairs
58%
Dark Oak Log
58%
Grass Block
58%
Oak Stairs
58%
Acacia Slab
56%
Birch Stairs
56%
Blue Wool
56%
Dark Oak Stairs
56%
Glass
56%
Jungle Planks
56%
Orange Wool
56%
Red Wool
56%
Smooth Stone
56%
White Wool
56%
Acacia Wood
54%
Birch Slab
54%
Black Wool
54%
Dark Oak Slab
54%
Diorite
54%
Granite
54%
Gravel
54%
Green Wool
54%
Jungle Log
54%
Jungle Wood
54%
Dark Oak Wood
52%
Diamond Ore
52%
Gold Ore
52%
Gray Wool
52%
Iron Ore
52%
Oak Slab
52%
Pink Wool
52%
Purple Wool
52%
Spruce Log
50%
Spruce Wood
50%
Stone Bricks
50%
Blue Terracotta
48%
Clay
48%
Jungle Stairs
48%
Lime Wool
48%
Spruce Slab
48%
Yellow Wool
48%
Cyan Wool
46%
Emerald Ore
46%
Jungle Slab
46%
Redstone Ore
46%
Block of Diamond
44%
Block of Gold
44%
Brown Wool
44%
Coal Ore
44%
Gray Terracotta
44%
Lapis Lazuli Ore
44%
Light Blue Wool
44%
Mossy Cobblestone
44%
Orange Concrete
44%
Red Sand
44%
Red Terracotta
44%
Smooth Sandstone
44%
Terracotta
44%
White Stained Glass
44%
Black Concrete
42%
Black Stained Glass
42%
Black Terracotta
42%
Block of Emerald
42%
Block of Iron
42%
Blue Concrete
42%
Blue Concrete Powder
42%
Blue Stained Glass
42%
Cobblestone Slab
42%
Gray Stained Glass
42%
Light Blue Stained Glass
42%
Light Blue Terracotta
42%
Magenta Wool
42%
Mossy Stone Bricks
42%
Orange Concrete Powder
42%
Orange Stained Glass
42%
Orange Terracotta
42%
Purple Stained Glass
42%
Purple Terracotta
42%
Spruce Stairs
42%
Stone Slab
42%
White Concrete
42%
White Terracotta
42%
Black Concrete Powder
40%
Blackstone
40%
Block of Coal
40%
Brown Stained Glass
40%
Brown Terracotta
40%
Chiseled Sandstone
40%
Cobblestone Stairs
40%
Cracked Stone Bricks
40%
Green Concrete
40%
Green Concrete Powder
40%
Green Terracotta
40%
Light Gray Stained Glass
40%
Light Gray Terracotta
40%
Light Gray Wool
40%
Lime Stained Glass
40%
Lime Terracotta
40%
Nether Bricks
40%
Obsidian
40%
Pink Concrete
40%
Pink Concrete Powder
40%
Pink Stained Glass
40%
Pink Terracotta
40%
Polished Andesite
40%
Purple Concrete
40%
Purple Concrete Powder
40%
Red Concrete
40%
Red Stained Glass
40%
White Concrete Powder
40%
Yellow Stained Glass
40%
Yellow Terracotta
40%
Bedrock
38%
Brown Concrete
38%
Brown Concrete Powder
38%
Cyan Concrete
38%
Cyan Stained Glass
38%
Cyan Terracotta
38%
Gray Concrete
38%
Gray Concrete Powder
38%
Green Stained Glass
38%
Light Blue Concrete
38%
Light Gray Concrete
38%
Light Gray Concrete Powder
38%
Lime Concrete
38%
Lime Concrete Powder
38%
Magenta Concrete
38%
Magenta Concrete Powder
38%
Magenta Stained Glass
38%
Magenta Terracotta
38%
Prismarine
38%
Soul Sand
38%
Yellow Concrete
38%
Yellow Concrete Powder
38%
Cyan Concrete Powder
36%
Light Blue Concrete Powder
36%
Nether Quartz Ore
36%
Polished Diorite
36%
Polished Granite
36%
Red Concrete Powder
36%
Red Sandstone
36%
Smooth Stone Slab
36%
Stone Stairs
36%
Stripped Acacia Log
36%
Stripped Acacia Wood
36%
Stripped Birch Wood
36%
Stripped Oak Log
36%
Stripped Oak Wood
36%
Basalt
34%
End Stone
34%
Lapis Lazuli Block
34%
Mycelium
34%
Podzol
34%
Sandstone Slab
34%
Stone Brick Stairs
34%
Stripped Dark Oak Wood
34%
Stripped Jungle Wood
34%
Andesite Slab
32%
Blue Ice
32%
Brick Slab
32%
Brick Stairs
32%
Coarse Dirt
32%
Dark Prismarine
32%
Ice
32%
Nether Gold Ore
32%
Prismarine Bricks
32%
Sandstone Stairs
32%
Smooth Sandstone Stairs
32%
Stone Brick Slab
32%
Stripped Birch Log
32%
Stripped Dark Oak Log
32%
Andesite Stairs
30%
Bone Block
30%
Chiseled Red Sandstone
30%
Chiseled Stone Bricks
30%
Crimson Planks
30%
Crimson Slab
30%
Crimson Stairs
30%
Diorite Slab
30%
Glowstone
30%
Mossy Cobblestone Stairs
30%
Nether Brick Slab
30%
Packed Ice
30%
Prismarine Slab
30%
Stripped Jungle Log
30%
Stripped Spruce Wood
30%
Ancient Debris
28%
Blackstone Slab
28%
Block of Netherite
28%
Diorite Stairs
28%
Granite Slab
28%
Mossy Cobblestone Slab
28%
Mossy Stone Brick Slab
28%
Prismarine Brick Slab
28%
Prismarine Stairs
28%
Sea Lantern
28%
Smooth Sandstone Slab
28%
Soul Soil
28%
Sponge
28%
Blackstone Stairs
26%
Dark Prismarine Slab
26%
End Stone Bricks
26%
Granite Stairs
26%
Nether Brick Stairs
26%
Prismarine Brick Stairs
26%
Purpur Block
26%
Red Sandstone Slab
26%
Red Sandstone Stairs
26%
Snow Block
26%
Stripped Spruce Log
26%
Warped Planks
26%
Dark Prismarine Stairs
24%
Magma Block
24%
Mossy Stone Brick Stairs
24%
Polished Andesite Slab
24%
Polished Blackstone
24%
Polished Diorite Slab
24%
Polished Granite Slab
24%
Purpur Slab
24%
Red Nether Bricks
24%
Smooth Quartz Block
24%
Warped Slab
24%
Crying Obsidian
22%
Cut Red Sandstone
22%
Cut Sandstone
22%
End Stone Brick Slab
22%
Hay Bale
22%
Polished Andesite Stairs
22%
Polished Diorite Stairs
22%
Polished Granite Stairs
22%
Pumpkin
22%
Purpur Pillar
22%
Purpur Stairs
22%
Quartz Pillar
22%
Warped Stairs
22%
Wet Sponge
22%
Crimson Stem
20%
Cut Sandstone Slab
20%
Dried Kelp Block
20%
End Stone Brick Stairs
20%
Jack o'Lantern
20%
Melon
20%
Nether Wart Block
20%
Quartz Slab
20%
Warped Stem
20%
Bookshelf
18%
Carved Pumpkin
18%
Chiseled Quartz Block
18%
Cut Red Sandstone Slab
18%
Fire Coral Block
18%
Polished Basalt
18%
Quartz Bricks
18%
Smooth Quartz Slab
18%
Smooth Quartz Stairs
18%
Brain Coral Block
16%
Crimson Hyphae
16%
Quartz Stairs
16%
Red Nether Brick Slab
16%
Red Nether Brick Stairs
16%
Stripped Crimson Stem
16%
Stripped Warped Stem
16%
Warped Hyphae
16%
Chiseled Nether Bricks
14%
Cracked Nether Bricks
14%
Crimson Nylium
14%
Dead Brain Coral Block
14%
Dead Fire Coral Block
14%
Stripped Crimson Hyphae
14%
Stripped Warped Hyphae
14%
Warped Nylium
14%
Warped Wart Block
14%
Bubble Coral Block
12%
Chiseled Polished Blackstone
12%
Gilded Blackstone
12%
Horn Coral Block
12%
Polished Blackstone Brick Slab
12%
Polished Blackstone Brick Stairs
12%
Smooth Red Sandstone Slab
12%
Smooth Red Sandstone Stairs
12%
Tube Coral Block
12%
Cracked Polished Blackstone Bricks
10%
Dead Bubble Coral Block
10%
Dead Horn Coral Block
10%
Dead Tube Coral Block
10%
Petrified Oak Slab
8%
No matching quizzes found
Score Distribution
Percent of People with Each Score
Percentile by Number Answered
Your Score History
You have not taken this quiz